2023-24 FIFA BARCELONA PLAYER BY PICTURE - Statistics

General Stats
  • This quiz has been taken 474 times
  • The average score is 17 of 19
Answer Stats
Picture Answer % Correct
Robert Lewandowski
100%
Pedri
99%
João Félix
98%
Frenkie de Jong
97%
Gavi
97%
Marc-André ter Stegen
96%
İlkay Gündoğan
95%
Lamine Yamal
94%
João Cancelo
93%
Jules Koundé
93%
Ronald Araújo
93%
Ferrán Torres
91%
Raphinha
91%
Andreas Christensen
88%
Alejandro Balde
84%
Sergi Roberto
83%
Marcos Alonso
78%
Oriol Romeu
75%
Iñigo Martínez
74%
No matching quizzes found
Score Distribution
Percent of People with Each Score
Percentile by Number Answered
Your Score History
You have not taken this quiz